02825nam a22003614a 4500001001200000003000800012006001900020007001500039008004100054010001700095020003500112040002100147035002100168043002100189050002800210082002500238100003100263245010700294260004900401300002300450500001400473500004700487504004100534505140800575533015201983600003102135650003202166651007402198655002902272710001702301856012602318999001902444ebr10152579CaPaEBRm u cr cn|||||||||060208s2006 caub sb 000 0aeng  z 2006004404 z0833039202 (pbk. : alk. paper) aCaPaEBRcCaPaEBR a(OCoLC)560213326 af-ae---ae-fr---14aDT295.3.G378bA3 2006eb04a965/.04642092aB2221 aGalula, David,d1919-1967.10aPacification in Algeria, 1956-1958h[electronic resource] /cDavid Galula ; foreword by Bruce Hoffman. aSanta Monica, CA :bRAND Corporation,c2006. axl, 460 p. :bmap. a"MG-478." a" A new edition of a Rand classic"--Cover. aIncludes bibliographical references.0 apt. 1. The stage: i. The background -- ii. Insurgency and counterensurgency in Algeria -- iii. The situation in Kabylia -- iv. The sector of Tigzdrt -- v. The quartier of Aissa Maimoun -- vi. The Third Company and its sous-quartier -- pt. 2. The struggle for control of the population: i. The strategic problem -- ii. No doctrine for the counterinsurgent -- iii. My own theory -- iv. The indoctrination of my company -- v. An operation at sector level -- vi. Occasional contacts with the population -- vii. Moving the company closer to the population -- viii. A platoon detached to Igonane Ameur -- ix. Company routine -- x. Accidental purge of Bou Souar -- xi. Expansion of my sous-quartier, purge of the other villages -- pt. 3. Struggle for the support of the population: i. The situation in Awera in the winter of 1957 -- ii. The municipal reform -- iii. Cleaning Tiziouzou -- iv. Testing the new leaders -- v. Mobilising the population -- vi. Limits to local efforts -- vii. Prisoners and suspects -- viii. Further expansion of the sous-quartier -- ix. An operation in the Mizrana Forest -- x. The manpower crisis in the French army -- xi. Attempts at organizing a party -- pt. 4. War in the Bordj Menaiel Sector: i. The spring of 1958 -- ii. The revolution of May 13 and its aftermath -- pt. 5. Conclusions: i. Major factors in the Algerian War -- ii. Basic principles of counterinsurgent warfare. aElectronic reproduction.bPalo Alto, Calif. :cebrary,d2013.nAvailable via World Wide Web.nAccess may be limited to ebrary affiliated libraries.10aGalula, David,d1919-1967. 0aCounterinsurgencyzAlgeria. 0aAlgeriaxHistoryyRevolution, 1954-1962vPersonal narratives, French. 7aElectronic books.2local2 aebrary, Inc.40uhttp://site.ebrary.com/lib/rucke/Doc?id=10152579zAn electronic book accessible through the World Wide Web; click to view c192417d192417